00000000nam 2200000zi 4500
0019.895102
003CaOODSP
00520250121091709
006m     o  d f      
007cr cn|||||||||
008210107s1978    onc     ou   f000 0 eng d
040 |aCaOODSP|beng|erda|cCaOODSP
043 |an-cn---
0861 |aNR24-28/6-1978E-PDF
24500|aCommentary on Parts 1 and 2 of the National Building Code of Canada 1977 / |cissued by the Associate Committee on the National Building Code.
250 |aSecond edition 1978.
264 1|aOttawa : |bNational Research Council of Canada, |c1978.
300 |a1 online resource (vii, 16 pages)
336 |atext|btxt|2rdacontent
337 |acomputer|bc|2rdamedia
338 |aonline resource|bcr|2rdacarrier
500 |aIssued also in French under title: Commentaire sur les Parties 1 et 2 du Code national du bâtiment du Canada 1977.
520 |a"The Commentary on Parts 1 and 2 of the National Building Code of Canada 1977 has been prepared to assist the Code user to understand the intent of the administrative requirements of the Code. It is based on input provided by the Ad Hoc Committee on Administration which was responsible for developing these parts of the 1975 NBC. The Commentary is reissued for use with the 1977 NBC since Parts 1 and 2 are essentially the same in both editions"--Preface, page vii.
650 0|aBuilding laws|zCanada.
650 0|aBuildings|xStandards|zCanada.
7102 |aNational Research Council of Canada. |bAssociate Committee on the National Building Code, |eissuing body.
77508|tCommentaire sur les parties 1 et 2 du Code national du bâtiment du Canada 1977 / |w(CaOODSP)9.946784
795 |tCommentary on Parts 1 and 2 of the National Building Code of Canada 1975 / |w(CaOODSP)9.946707
85640|qPDF|s975 KB|uhttps://publications.gc.ca/collections/collection_2025/cnrc-nrc/NR24-28-6-1978-eng.pdf
986 |a16776